Countries-Easy Multiple choice - Statistics

General Stats
  • This quiz has been taken 243 times
  • The average score is 6 of 9
Answer Stats
Question Answer % Correct
Which country has a bigger land area? Russia
100%
Which country is in South America? Chile
91%
Which Country is in Europe? Germany
91%
Which country is in Oceania? Australia
82%
Which Country has the largest population? India
73%
Which Country was not in WW1 Niger
73%
Which Country has this state: Sharks Bay? Australia
64%
Which Country was Neutrel in WW2? Sweden
45%
Which Country is home to the worlds Biggest axe? (My home Country and City) New Brunswick,Canada
27%
No matching quizzes found
Score Distribution
Percent of People with Each Score
Percentile by Number Answered
Your Score History
You have not taken this quiz